000 007680000a22002290004500
003 LK-CoMWRAF
008 230817t1973 ||||| |||| 00| 0 eng d
040 _aLK-CoMWRAF
_dLK-CoMWRAF
_eLK-CoMWRAF
041 _aeng
082 _a340.59
_bMUS
111 _aSEMINAR ON MUSLIM PERSONAL LAW
_c(Aligarh;
_dSeptember, 1968)
245 _aMuslim personal law:
_bpapers and proceedings of a seminar
260 _aDelhi:
_bMarkazi Maktaba Islami,
_c1973
300 _avii, 190 p.; 22 c.m.
490 _aIshaat-e-Islam Trust Publication
_vNo. 762
650 _aDOMESTIC RELATIONS-India-Congresses
650 _a Muslims--Legal status, laws-India
650 _aDomestic relations (Islamic law)
700 _aFaridi, F.R.
_eed.
700 _aSiddiqi, M.N.
_eed.
942 _cCP
999 _c1002
_d1002